00631pam a2200193 a 450000100070000000500170000700800410002401000170006502000250008204000180010704100080012504300120013308000190014508200230016410000070018710100080019424502050020250400300040749822120180131043813.0850731s1985 njuaf b 000 0 eng  a 85018798  a0882820133 :c$16.95 aDLCcDLCdDLC aeng an-us--- a371.010973 FRA00a371.010973 FRA2191 a47 aEDU10aTo save our schools, to save our children :cby Marshall Frady ; the ABC Closeup News staff, Judy Crichton ... [et al.], and Joan S. Dunphy ; introduction by Robert Coles ; foreword by Peter Jennings. aBibliography: p. 189-196.